[Event "WJCC U20 Girls 2019"]
[Site "New Delhi"]
[Date "2019.10.22"]
[Round "8.29"]
[White "Rindhiya V"]
[Black "Jain Nityata"]
[Result "1-0"]
[WhiteElo "1817"]
[BlackElo "2029"]
[Annotator "NA"]
[PlyCount "101"]
[EventDate "2019.10.15"]
[EventType "swiss"]
[EventCountry "IND"]
[SourceTitle "playchess.com"]
[Source "ChessBase"]
[SourceQuality "1"]
[TimeControl "40/5400+30:1800+30"]

1. e4 {[%emt 0:00:00]} c6 {[%emt 0:00:00]} 2. d4 {[%emt 0:00:00]} d5 {[%emt 0:00:00]} 3. Nc3 {[%emt 0:00:00]} dxe4 {[%emt 0:00:00]} 4. Nxe4 {[%emt 0:00:00]} Bf5 {[%emt 0:00:10]} 5. Ng3 {[%emt 0:00:00]} Bg6 {[%emt 0:00:06]} 6. h4 {[%emt 0:00:00]} h6 {[%emt 0:00:08]} 7. Nf3 {[%emt 0:00:00]} Nd7 {[%emt 0:00:09]} 8. h5 {[%emt 0:00:02]} Bh7 {[%emt 0:00:06]} 9. Bd3 {[%emt 0:00:03]} Bxd3 {[%emt 0:00:08]} 10. Qxd3 {[%emt 0:00:05]} e6 {[%emt 0:00:07]} ({Predecessor:} 10... Ngf6 11. Bd2 {½-½ (70) Lawitsch,G (2300)-Riediger,M (2235) Austria 1997}) 11. Bd2 {[%emt 0:00:05]} Ngf6 {[%emt 0:00:22]} 12. O-O-O {[%emt 0:00:06]} Be7 {[%emt 0:00:04]} 13. Kb1 {[%emt 0:00:04]} O-O {[%emt 0:00:31]} 14. Ne4 {[%emt 0:00:02]} Nxe4 {[%emt 0:00:26] B19: Classical Caro-Kann: 4...Bf5 main line} 15. Qxe4 {[%emt 0:00:04]} Nf6 {[%emt 0:00:05]} 16. Qe2 {[%emt 0:00:06]} Qd5 {[%emt 0:00:06]} 17. Ne5 $146 {[%emt 0:00:07]} (17. Be3) 17... c5 {[%emt 0:00:51]} 18. dxc5 {[%emt 0:00:05]} Bxc5 {[%emt 0:00:09]} 19. f3 {[%emt 0:04:37]} Bd4 {[%emt 0:04:31]} 20. Bc3 {[%emt 0:06:31]} Qxe5 {[%emt 0:00:13]} 21. Qxe5 {[%emt 0:00:03]} Bxe5 {[%emt 0:00:06]} 22. Bxe5 {[%emt 0:00:07]} Nd5 {[%emt 0:02:17]} 23. Rhe1 {[%emt 0:08:53]} Rac8 {[%emt 0:01:33]} 24. Rd4 {[%emt 0:02:49]} b5 {[%emt 0:04:02]} 25. g4 {[%emt 0:19:14]} Rc6 {[%emt 0:14:14]} 26. Bg3 {[%emt 0:07:37]} a6 $11 {[%emt 0:17:55]} 27. f4 {[%emt 0:06:46]} (27. a3 $11 {keeps the balance.}) 27... f5 {[%emt 0:01:54]} 28. gxf5 {[%emt 0:15:15]} Rxf5 29. Re5 {[%emt 0:00:08]} Rxe5 {[%emt 0:02:43]} 30. fxe5 {[%emt 0:00:01]} Rc7 {[%emt 0:27:10]} 31. a3 {[%emt 0:17:20]} Kf7 {[%emt 0:08:13]} 32. Rxd5 {[%emt 0:00:35]} exd5 {[%emt 0:06:02]} 33. e6+ {[%emt 0:00:13]} Kxe6 {[%emt 0:00:13]} 34. Bxc7 {[%emt 0:00:03]} Kf5 {[%emt 0:00:09]} 35. Bd6 {[%emt 0:00:08]} Kg5 {[%emt 0:01:12]} 36. Be5 {[%emt 0:00:04]} Kxh5 {[%emt 0:02:37]} 37. Bxg7 {[%emt 0:00:06]} Kg6 {[%emt 0:00:02]} 38. Be5 {[%emt 0:00:07]} Kf5 {[%emt 0:00:09]} 39. Bc7 {[%emt 0:00:03]} Ke4 {[%emt 0:00:10]} 40. Kc1 {[%emt 0:00:32]} Ke3 {[%emt 0:00:17]} 41. Kd1 {[%emt 0:30:04]} h5 {[%emt 0:30:12]} 42. Bb6+ {[%emt 0:00:04]} Ke4 {[%emt 0:02:02]} 43. Bd8 {[%emt 0:00:28]} Ke3 {[%emt 0:00:16]} 44. Bg5+ {[%emt 0:00:05]} Ke4 {[%emt 0:00:17]} 45. Kd2 {[%emt 0:00:18]} Kd4 {[%emt 0:00:09]} 46. Ke2 {[%emt 0:03:33]} Kc4 {[%emt 0:00:20]} 47. Ke3 {[%emt 0:01:34]} a5 {[%emt 0:01:07]} 48. Bd8 {[%emt 0:00:28]} b4 {[%emt 0:01:32]} 49. Bxa5 {[%emt 0:00:19]} d4+ {[%emt 0:03:16]} 50. Kd2 {[%emt 0:01:42]} bxa3 {[%emt 0:01:32]} 51. bxa3 {[%emt 0:00:02]} 1-0

[Event "WJCC U20 Girls 2019"]
[Site "New Delhi"]
[Date "2019.10.22"]
[Round "8.30"]
[White "Savitha Shri B"]
[Black "Kairbekova, Amina"]
[Result "1/2-1/2"]
[WhiteElo "1916"]
[BlackElo "2096"]
[Annotator "NA"]
[PlyCount "138"]
[EventDate "2019.10.15"]
[EventType "swiss"]
[EventCountry "IND"]
[SourceTitle "playchess.com"]
[Source "ChessBase"]
[SourceQuality "1"]
[TimeControl "40/5400+30:1800+30"]

1. e4 {[%emt 0:00:21]} e6 {[%emt 0:00:00]} 2. d4 {[%emt 0:00:04]} d5 {[%emt 0:00:00]} 3. Nd2 {[%emt 0:00:05]} Nc6 {[%emt 0:00:00]} 4. Ngf3 {[%emt 0:00:13]} Nf6 {[%emt 0:00:00]} 5. e5 {[%emt 0:00:03]} Nd7 {[%emt 0:00:01]} 6. c3 {[%emt 0:00:04]} f6 {[%emt 0:01:27]} 7. exf6 {[%emt 0:00:12]} Qxf6 {[%emt 0:00:12]} 8. Bb5 {[%emt 0:03:34] C04: French Tarrasch: 3...Nc6} a6 {[%emt 0:04:59]} (8... Bd6 9. Nf1 O-O 10. Bg5 Qf7 11. Ng3 Ne7 12. O-O Ng6 13. Bd3 Nf4 14. Bc2 b6 15. Bxf4 Bxf4 16. Qd3 g6 17. Rae1 {0-1 (74) Munenga,D (2329)-Hamdouchi,H (2575) Hammamet 2019}) 9. Ba4 {[%emt 0:00:33]} Bd6 {[%emt 0:00:34]} 10. Nf1 {[%emt 0:01:58]} O-O {[%emt 0:04:52]} 11. Bg5 {[%emt 0:01:15]} Qf7 {[%emt 0:00:07]} 12. Ne3 {[%emt 0:00:12]} Kh8 $146 {[%emt 0:22:19]} ({Predecessor:} 12... Qh5 $1 $15 13. Nf1 {[#]} Rxf3 $1 {[%mdl 576] Remove Defender} 14. Bd2 Rf5 15. g4 Qh3 16. gxf5 Qg2 17. f3 Qxh1 18. Qe2 Nde5 19. dxe5 Nxe5 20. Bd1 Bd7 21. a4 exf5 {0-1 (21) Fedorov,D (2125)-Nugumanov,B (2210) Izhevsk 2011}) 13. O-O {[%emt 0:02:08] [#]} (13. Bh4 $11) 13... Qh5 $1 {[%emt 0:00:27]} 14. Bc2 {[%emt 0:36:14]} Rxf3 {[%emt 0:09:00]} 15. h4 {[%emt 0:00:14]} h6 {[%emt 0:00:01]} 16. Qxf3 {[%emt 0:02:03]} Qxf3 {[%emt 0:00:19]} 17. gxf3 {[%emt 0:00:10]} hxg5 {[%emt 0:00:03]} 18. hxg5 {[%emt 0:00:25]} Bf4 {[%emt 0:05:59]} 19. Rae1 {[%emt 0:03:39]} Nb6 {[%emt 0:05:55]} 20. g6 {[%emt 0:02:42]} e5 {[%emt 0:02:13]} 21. Kg2 $11 {[%emt 0:09:54]} Bd7 {[%emt 0:17:20]} 22. Rh1+ {[%emt 0:00:30]} Kg8 {[%emt 0:00:30]} 23. Rh4 {[%emt 0:06:43]} Re8 24. dxe5 {[%emt 0:13:48]} Bxe3 {[%emt 0:00:34]} 25. fxe3 {[%emt 0:00:48]} Nxe5 {[%emt 0:01:00]} 26. Reh1 {[%emt 0:00:49]} Kf8 {[%emt 0:00:01]} 27. b3 {[%emt 0:02:10]} Re6 {[%emt 0:00:37]} 28. Rh8+ {[%emt 0:03:37]} Ke7 {[%emt 0:00:06]} 29. R1h7 {[%emt 0:02:26]} Kd6 {[%emt 0:03:06]} 30. Rxg7 {[%emt 0:00:48]} Be8 {[%emt 0:10:22]} 31. Bf5 {[%emt 0:01:53]} Nxg6 {[%emt 0:00:58]} 32. Rhh7 {[%emt 0:05:50]} Nf8 {[%emt 0:02:31]} 33. Bxe6 {[%emt 0:00:10]} Nxh7 {[%emt 0:00:02]} 34. Rxh7 {[%emt 0:00:01]} Kxe6 {[%emt 0:00:26]} 35. Rxc7 {[%emt 0:00:14]} Bc6 {[%emt 0:00:15]} 36. Rh7 {[%emt 0:00:18]} Nd7 {[%emt 0:00:27]} 37. Rh6+ {[%emt 0:01:36]} Kf5 {[%emt 0:00:26]} 38. Rh5+ {[%emt 0:00:06]} Kg6 {[%emt 0:00:18]} 39. Rh4 {[%emt 0:00:23]} Ne5 {[%emt 0:01:59]} 40. Rd4 {[%emt 0:00:04]} Kf5 {[%emt 0:00:07]} 41. a4 {[%emt 0:02:04]} a5 {[%emt 0:00:59]} 42. Kg3 {[%emt 0:07:06]} Nd7 {[%emt 0:00:23]} 43. b4 {[%emt 0:03:08]} Nb6 {[%emt 0:06:29]} 44. bxa5 {[%emt 0:03:00]} Nc4 {[%emt 0:04:14]} 45. e4+ {[%emt 0:02:27]} Ke6 {[%emt 0:00:00]} 46. f4 {[%emt 0:04:10]} Nd6 {[%emt 0:02:18]} 47. exd5+ {[%emt 0:02:52]} Bxd5 {[%emt 0:00:01]} 48. Kg4 {[%emt 0:01:44]} Nf5 {[%emt 0:00:51]} 49. Rb4 {[%emt 0:01:09]} Ne3+ {[%emt 0:02:11]} 50. Kg5 {[%emt 0:00:36]} Nc4 {[%emt 0:00:40]} 51. f5+ {[%emt 0:00:59]} Ke5 {[%emt 0:02:19]} 52. Rb5 {[%emt 0:01:06]} Nd6 {[%emt 0:01:23]} 53. Rb6 Nxf5 {[%emt 0:02:36]} 54. a6 {[%emt 0:07:28]} bxa6 {[%emt 0:00:06]} 55. Rxa6 {[%emt 0:00:01]} Nd6 {[%emt 0:01:43]} 56. Kg6 {[%emt 0:01:05]} Ne4 {[%emt 0:00:29]} 57. a5 {[%emt 0:00:35]} Nxc3 {[%emt 0:00:15]} 58. Rb6 {[%emt 0:00:19]} Bc4 {[%emt 0:07:50]} 59. Rb8 {[%emt 0:00:45]} Kd5 {[%emt 0:02:55]} 60. Kf6 {[%emt 0:00:19]} Kc5 {[%emt 0:00:13]} 61. Rc8+ {[%emt 0:00:38]} Kb4 {[%emt 0:00:17]} 62. Ke5 {[%emt 0:00:34]} Ba6 {[%emt 0:01:59]} 63. Rc6 {[%emt 0:00:21]} Bb5 {[%emt 0:00:17]} 64. Rc8 {[%emt 0:00:09]} Ba6 {[%emt 0:01:19]} 65. Rc6 {[%emt 0:00:06]} Bb5 {[%emt 0:00:03]} 66. Rc7 {[%emt 0:00:03]} Na4 {[%emt 0:00:04]} 67. Ra7 {[%emt 0:00:47]} Nc5 {[%emt 0:00:06]} 68. Kd5 {[%emt 0:00:52]} Na6 {[%emt 0:00:10]} 69. Rxa6 {[%emt 0:00:29]} Bxa6 {[%emt 0:00:06]} 1/2-1/2

[Event "WJCC U20 Girls 2019"]
[Site "New Delhi"]
[Date "2019.10.22"]
[Round "8.31"]
[White "Zhang, Xiao"]
[Black "Onur, Cigdem"]
[Result "1-0"]
[WhiteElo "2053"]
[BlackElo "1913"]
[Annotator "NA"]
[PlyCount "45"]
[EventDate "2019.10.15"]
[EventType "swiss"]
[EventCountry "IND"]
[SourceTitle "playchess.com"]
[Source "ChessBase"]
[SourceQuality "1"]
[TimeControl "40/5400+30:1800+30"]

1. d4 {[%emt 0:00:00]} d5 {[%emt 0:00:00]} 2. c4 {[%emt 0:00:00]} e6 {[%emt 0:00:00]} 3. Nf3 {[%emt 0:00:56]} Nf6 {[%emt 0:00:00]} 4. e3 {[%emt 0:00:19]} c5 {[%emt 0:00:01]} 5. Nc3 {[%emt 0:00:14]} Nc6 {[%emt 0:00:05]} 6. cxd5 {[%emt 0:00:11]} exd5 {[%emt 0:00:24]} 7. Bb5 {[%emt 0:00:06]} Bd6 {[%emt 0:08:32]} 8. dxc5 {[%emt 0:00:24]} Bxc5 {[%emt 0:00:13]} 9. O-O {[%emt 0:03:51]} O-O {[%emt 0:02:06]} 10. h3 {[%emt 0:05:26]} Be6 $11 {[%emt 0:10:29]} 11. b3 {[%emt 0:00:36]} Qe7 {[%emt 0:15:31]} 12. Bb2 {[%emt 0:02:29]} Rfd8 {[%emt 0:01:11]} 13. Ne2 {[%emt 0:01:19]} Ne4 {[%emt 0:08:11]} 14. Rc1 {[%emt 0:06:13]} Rac8 {[%emt 0:04:55]} 15. Ned4 {[%emt 0:01:39]} Bd7 {[%emt 0:03:31]} 16. Qe2 {[%emt 0:03:22]} Bd6 {[%emt 0:12:25]} 17. Rfd1 {[%emt 0:03:56]} Bb8 {[%emt 0:07:07]} 18. Nxc6 {[%emt 0:04:10]} Bxc6 {[%emt 0:01:34]} 19. Nd4 {[%emt 0:03:41]} Qd6 {[%emt 0:02:50]} 20. f4 {[%emt 0:00:21]} Qg6 {[%emt 0:09:14]} 21. Bxc6 {[%emt 0:01:02]} bxc6 {[%emt 0:00:12]} 22. Qg4 {[%emt 0:00:14]} Qxg4 {[%emt 0:11:53]} 23. hxg4 {[%emt 0:00:30]} 1-0

[Event "WJCC U20 Girls 2019"]
[Site "New Delhi"]
[Date "2019.10.22"]
[Round "8.32"]
[White "Srimathi R"]
[Black "Chandreyee, Hajra"]
[Result "1-0"]
[WhiteElo "1914"]
[BlackElo "2024"]
[Annotator "NA"]
[PlyCount "97"]
[EventDate "2019.10.15"]
[EventType "swiss"]
[EventCountry "IND"]
[SourceTitle "playchess.com"]
[Source "ChessBase"]
[SourceQuality "1"]
[TimeControl "40/5400+30:1800+30"]

1. e4 c6 2. d4 d5 3. Nc3 dxe4 4. Nxe4 Nf6 5. Nxf6+ exf6 6. Nf3 Bd6 7. Bd3 O-O 8. O-O Bg4 9. h3 Bh5 10. Be3 Re8 11. c4 Nd7 12. Bf5 $11 Nf8 13. d5 c5 14. Re1 Nd7 15. Bg4 Bxg4 16. hxg4 g5 17. Qc2 Kg7 18. Bd2 Rh8 19. Bc3 h5 20. Qf5 Kg8 21. Nxg5 hxg4 22. Ne4 Bh2+ 23. Kf1 Rh6 24. g3 Kg7 25. Qxg4+ Rg6 26. Qh3 Rh6 27. Qg4+ Rg6 28. Qf5 Qc8 29. Nd6 Qc7 30. Ne8+ Rxe8 31. Rxe8 Bxg3 32. Qh3 Rh6 33. Rg8+ Kxg8 34. Qxh6 Qf4 35. Qxf4 Bxf4 36. Re1 Be5 37. Bxe5 fxe5 38. f4 f6 39. fxe5 fxe5 40. Ke2 Kf7 41. Ke3 Ke7 42. Ke4 a6 43. a4 Kd6 44. Rf1 b5 45. axb5 axb5 46. b3 bxc4 47. bxc4 Nb6 48. Rf6+ Kc7 49. Rxb6 1-0

[Event "WJCC U20 Girls 2019"]
[Site "New Delhi"]
[Date "2019.10.22"]
[Round "8.32"]
[White "Srimathi R"]
[Black "Chandreyee, Hajra"]
[Result "*"]
[WhiteElo "1914"]
[BlackElo "2024"]
[Annotator "NA"]
[PlyCount "44"]
[EventDate "2019.10.15"]
[EventType "swiss"]
[EventCountry "IND"]
[SourceTitle "playchess.com"]
[Source "ChessBase"]
[SourceQuality "1"]
[TimeControl "40/5400+30:1800+30"]

1. e4 c6 2. d4 d5 3. Nc3 dxe4 4. Nxe4 Nf6 5. Nxf6+ exf6 6. Nf3 Bd6 7. Bd3 O-O 8. O-O Bg4 9. h3 Bh5 10. Be3 Re8 11. c4 Nd7 12. Bf5 $11 Nf8 13. d5 c5 14. Re1 Nd7 15. Bg4 Bxg4 16. hxg4 g5 17. Qc2 Kg7 18. Bd2 Rh8 19. Bc3 h5 20. Qf5 Kg8 21. Qc2 Kg7 22. Qf5 Kg8 *

[Event "WJCC U20 Girls 2019"]
[Site "New Delhi"]
[Date "2019.10.22"]
[Round "8.33"]
[White "Mirza, Diana"]
[Black "Aouachria, Marwa"]
[Result "1-0"]
[WhiteElo "1986"]
[BlackElo "1839"]
[Annotator "NA"]
[PlyCount "91"]
[EventDate "2019.10.15"]
[EventType "swiss"]
[EventCountry "IND"]
[SourceTitle "playchess.com"]
[Source "ChessBase"]
[SourceQuality "1"]
[TimeControl "40/5400+30:1800+30"]

1. d4 {[%emt 0:00:00]} Nf6 {[%emt 0:00:00]} 2. Bf4 {[%emt 0:00:00]} g6 {[%emt 0:00:00]} 3. Nc3 {[%emt 0:00:00]} d5 {[%emt 0:00:00]} 4. Nb5 {[%emt 0:00:11]} Na6 {[%emt 0:00:00]} 5. Nf3 {[%emt 0:01:39]} Bd7 {[%emt 0:00:50]} 6. e3 {[%emt 0:02:09]} Bg7 {[%emt 0:03:25]} 7. h3 {[%emt 0:02:10]} O-O {[%emt 0:06:36]} 8. Ne5 {[%emt 0:04:17]} Bxb5 {[%emt 0:01:29]} 9. Bxb5 {[%emt 0:00:12]} Nb8 {[%emt 0:00:12]} 10. g4 {[%emt 0:11:47]} c5 {[%emt 0:02:48]} 11. O-O {[%emt 0:03:44]} c4 {[%emt 0:07:09]} 12. c3 {[%emt 0:02:23]} Ne4 {[%emt 0:04:15]} 13. Ba4 {[%emt 0:06:00]} f6 {[%emt 0:05:29]} 14. Nf3 {[%emt 0:01:20]} a6 {[%emt 0:02:36]} 15. Bc2 {[%emt 0:01:45]} Nd6 {[%emt 0:00:10]} 16. Qe2 {[%emt 0:02:59]} Nc6 {[%emt 0:04:18]} 17. e4 {[%emt 0:03:33]} e6 {[%emt 0:00:24]} 18. exd5 {[%emt 0:01:48]} exd5 {[%emt 0:00:03]} 19. Qe6+ {[%emt 0:00:24]} Nf7 {[%emt 0:00:02]} 20. Qe2 {[%emt 0:08:14]} Re8 {[%emt 0:00:20]} 21. Qd2 {[%emt 0:00:37]} Qd7 {[%emt 0:06:14]} 22. Rfe1 {[%emt 0:02:10]} Bf8 {[%emt 0:07:18]} 23. Kg2 {[%emt 0:10:14]} Bd6 {[%emt 0:02:53]} 24. Be3 {[%emt 0:01:02]} Ncd8 {[%emt 0:14:33]} 25. Rh1 $15 {[%emt 0:04:44]} Ne6 {[%emt 0:02:46]} 26. Rag1 {[%emt 0:00:42]} Qc7 {[%emt 0:00:43]} 27. h4 {[%emt 0:02:46]} Kg7 {[%emt 0:08:39]} 28. Bb1 {[%emt 0:05:33]} Nf4+ {[%emt 0:02:04]} 29. Kf1 {[%emt 0:00:47]} Rh8 {[%emt 0:04:48]} 30. g5 {[%emt 0:02:01]} f5 {[%emt 0:00:31]} 31. h5 {[%emt 0:05:08]} Nxh5 {[%emt 0:06:01]} 32. Rxh5 {[%emt 0:00:23]} gxh5 {[%emt 0:00:06]} 33. Bxf5 {[%emt 0:00:04]} Kf8 {[%emt 0:07:57]} 34. Be6 {[%emt 0:03:48]} Qc6 {[%emt 0:00:46]} 35. g6 {[%emt 0:00:15]} hxg6 {[%emt 0:00:10]} 36. Rxg6 {[%emt 0:00:05]} Ke8 {[%emt 0:01:48]} 37. Bxf7+ {[%emt 0:00:07]} Kxf7 {[%emt 0:00:11]} 38. Ne5+ {[%emt 0:00:06]} Bxe5 {[%emt 0:00:17]} 39. Rxc6 {[%emt 0:00:03]} bxc6 {[%emt 0:00:11]} 40. dxe5 {[%emt 0:00:05]} Ke6 {[%emt 0:01:08]} 41. Qd4 {[%emt 0:37:56]} Rac8 {[%emt 0:03:20]} 42. Qh4 {[%emt 0:00:00]} Rcf8 {[%emt 0:00:18]} 43. Bc5 {[%emt 0:00:00]} Rf7 {[%emt 0:00:12]} 44. Qg5 {[%emt 0:00:00]} Rhh7 {[%emt 0:01:59]} 45. Qg6+ {[%emt 0:00:00]} Kxe5 {[%emt 0:00:12]} 46. Bd6# {[%emt 0:00:00]} 1-0

[Event "WJCC U20 Girls 2019"]
[Site "New Delhi"]
[Date "2019.10.22"]
[Round "8.34"]
[White "Eesha Ajay Sarda"]
[Black "Vlkova, Anezka"]
[Result "1/2-1/2"]
[WhiteElo "1744"]
[BlackElo "1972"]
[Annotator "NA"]
[PlyCount "89"]
[EventDate "2019.10.15"]
[EventType "swiss"]
[EventCountry "IND"]
[SourceTitle "playchess.com"]
[Source "ChessBase"]
[SourceQuality "1"]
[TimeControl "40/5400+30:1800+30"]

1. d4 {[%emt 0:00:00]} e6 {[%emt 0:00:00]} 2. e4 {[%emt 0:00:56]} d5 {[%emt 0:00:00]} 3. exd5 {[%emt 0:00:06]} exd5 {[%emt 0:00:00]} 4. Bd3 {[%emt 0:00:14]} Nc6 {[%emt 0:00:00]} 5. Ne2 {[%emt 0:00:10]} Qf6 {[%emt 0:00:28]} (5... Nf6 6. Bg5 Be6 7. c3 h6 8. Bh4 Be7 9. Nd2 Qd7 10. Qc2 g5 11. Bg3 Nh5 12. O-O-O f5 13. h4 {0-1 (31) Cukrowski,F (2424)-Nasuta,G (2533) Suwalki 2019}) 6. Nbc3 {[%emt 0:01:31] C01: French: Exchange Variation} Be6 {[%emt 0:04:23]} 7. Be3 $146 {[%emt 0:03:27]} ({Predecessor:} 7. Bf4 O-O-O 8. Qd2 h6 9. Nb5 Rd7 10. c3 Nge7 11. a4 g5 12. Nxa7+ Kb8 13. Nxc6+ Nxc6 {1-0 (28) Pfeiffer,A (2217)-Harakis,A (2167) London 2000}) 7... Nb4 {[%emt 0:07:01]} 8. Nb5 {[%emt 0:04:14]} Kd7 {[%emt 0:02:43]} 9. Bf4 {[%emt 0:05:13]} c6 {[%emt 0:08:05]} 10. Nc7 {[%emt 0:02:28]} Rd8 {[%emt 0:02:46]} 11. Be5 {[%emt 0:06:10]} Nxd3+ {[%emt 0:04:38]} 12. Qxd3 {[%emt 0:00:16]} Qf5 {[%emt 0:06:59]} 13. Qb3 {[%emt 0:19:46]} Kc8 {[%emt 0:06:43]} 14. Qa4 {[%emt 0:02:42]} f6 {[%emt 0:00:35]} 15. Ng3 {[%emt 0:00:45]} Qg4 {[%emt 0:11:23]} 16. h3 {[%emt 0:03:59]} Qh4 {[%emt 0:00:37]} 17. Nxe6 {[%emt 0:03:13]} Re8 {[%emt 0:02:04]} 18. Qa5 {[%emt 0:18:06]} Bd6 {[%emt 0:06:07]} 19. Nxg7 {[%emt 0:00:50]} Rxe5+ {[%emt 0:01:23]} 20. Kf1 $15 {[%emt 0:03:57]} Qxd4 {[%emt 0:01:26]} 21. N7f5 {[%emt 0:01:01]} Qc4+ {[%emt 0:01:58]} 22. Kg1 {[%emt 0:00:09]} Bc5 {[%emt 0:02:03]} 23. c3 {[%emt 0:02:59]} Ne7 {[%emt 0:04:28]} 24. Nxe7+ {[%emt 0:03:47]} Rxe7 {[%emt 0:00:30]} 25. Rf1 {[%emt 0:00:59]} h5 {[%emt 0:01:30]} 26. b3 {[%emt 0:01:10]} Bb6 {[%emt 0:02:51]} 27. bxc4 {[%emt 0:04:46]} Bxa5 {[%emt 0:00:05]} 28. cxd5 {[%emt 0:00:11]} cxd5 {[%emt 0:01:18]} 29. Rd1 {[%emt 0:00:16]} Bxc3 {[%emt 0:06:33]} 30. Rxd5 {[%emt 0:00:22]} Be5 {[%emt 0:00:32]} 31. Nf5 {[%emt 0:02:20]} Rc7 {[%emt 0:01:21]} 32. g3 {[%emt 0:01:27]} Rd8 {[%emt 0:05:45]} 33. Rxd8+ {[%emt 0:03:00]} Kxd8 {[%emt 0:00:02]} 34. Kg2 {[%emt 0:00:08]} Rc2 {[%emt 0:01:10]} 35. Rd1+ {[%emt 0:00:06]} Kc7 {[%emt 0:00:09]} 36. a4 {[%emt 0:01:00]} a6 {[%emt 0:02:13]} 37. Ng7 {[%emt 0:03:01]} b5 {[%emt 0:01:00]} 38. axb5 {[%emt 0:01:08]} axb5 {[%emt 0:00:06]} 39. Nxh5 {[%emt 0:01:36]} b4 {[%emt 0:00:47]} 40. Rb1 {[%emt 0:01:17]} Bd4 {[%emt 0:07:19]} 41. Rxb4 {[%emt 0:01:52]} Rxf2+ {[%emt 0:00:11]} 42. Kh1 {[%emt 0:00:10]} Rf1+ {[%emt 0:00:09]} 43. Kg2 {[%emt 0:00:12]} Rf2+ {[%emt 0:00:04]} 44. Kh1 {[%emt 0:00:06]} Rf1+ {[%emt 0:00:09]} 45. Kg2 {[%emt 0:00:22]} 1/2-1/2

[Event "WJCC U20 Girls 2019"]
[Site "New Delhi"]
[Date "2019.10.22"]
[Round "8.35"]
[White "Salimova, Nurgyul"]
[Black "Meghna, C H"]
[Result "0-1"]
[WhiteElo "2415"]
[BlackElo "1956"]
[Annotator "TA"]
[PlyCount "68"]
[EventDate "2019.10.15"]
[EventType "swiss"]
[EventCountry "IND"]
[SourceTitle "playchess.com"]
[Source "ChessBase"]
[SourceQuality "1"]

{[%evp 11,86,24,24,24,35,20,29,25,28,25,45,29,22,27,35,16,31,21,37,8,22,-2,0,0,6,0,1,0,10,7,14,0,6,-8,-6,-29,0,-43,-50,-63,-65,-71,-38,-43,-44,-54,-25,-99,-16,-41,-33,-44,-50,-31,-36,-144,-145,-168,-163,-383,-357,-508,-496,-543,-509,-512,-530,-1145,-1145,-1463,-1459,-1314,-1325,-2082,-2020,-1917,-1912]} 1. Nf3 d5 2. d4 c6 3. g3 Nf6 4. Bg2 g6 5. O-O Bg7 6. b3 O-O 7. Bb2 {D02: 1 d4 d5 2 Nf3 sidelines, including 2...Nf6 3 g3 and 2...Nf6 3 Bf4} Qb6 (7... Bf5 8. c4 Nbd7 9. cxd5 cxd5 10. Nc3 Rc8 11. e3 Qa5 12. Nh4 Be4 13. f3 Bf5 14. Nxf5 gxf5 15. Qd3 e6 16. Rfc1 a6 {0-1 (65) Rapport,R (2747)-Caruana,F (2818) Saint Louis 2019}) 8. Nbd2 Bf5 9. c4 {White has an edge.} Ne4 10. e3 a5 11. Nh4 Nxd2 12. Qxd2 Be6 13. Rfc1 Nd7 $146 ({Predecessor:} 13... a4 14. c5 Qc7 15. b4 Nd7 16. b5 {1-0 (64) Kekki,J (2185)-Jauhiainen,K Jyvaskyla 1999}) 14. Nf3 Nf6 15. c5 Qc7 16. Qe1 Bf5 17. a3 Be4 18. b4 Nd7 19. Bc3 a4 20. Qd1 Rfe8 21. Bf1 e5 22. Nd2 Bf5 23. b5 exd4 24. exd4 Nf6 25. bxc6 bxc6 26. Bg2 Bh6 27. Qf1 Qb7 28. Ra2 Qd7 29. Rb2 {[#]} (29. Re1 $11) 29... Re7 (29... Ng4 $1 $17 {[%cal Rg4f2] And now ...Nxf2! would win.} 30. Nf3 Bxc1 31. Qxc1 Qe6) 30. Rd1 Qe8 31. Nf3 Ne4 $36 {[%mdl 2048] Black fights for an advantage.} 32. Bb4 Bc8 33. Bh3 (33. Qd3 $15) 33... Ba6 $17 34. Qg2 Rb8 {Played: Bh6-g7} 0-1

[Event "WJCC U20 Girls 2019"]
[Site "New Delhi"]
[Date "2019.10.22"]
[Round "8.36"]
[White "Ulziikhishigjargal, Ochirkhuyag"]
[Black "Shivika Rohilla"]
[Result "1-0"]
[WhiteElo "2194"]
[BlackElo "1721"]
[Annotator "TA"]
[PlyCount "141"]
[EventDate "2019.10.15"]
[EventType "swiss"]
[EventCountry "IND"]
[SourceTitle "playchess.com"]
[Source "ChessBase"]
[SourceQuality "1"]

{[%evp 13,141,31,62,23,21,11,57,20,57,21,45,39,64,27,68,29,32,31,70,56,76,33,84,27,61,14,14,5,21,3,0,0,7,0,20,10,24,19,34,40,39,22,67,62,62,62,57,64,70,52,71,53,102,86,115,100,104,71,91,83,97,79,79,71,74,0,0,0,0,0,21,11,18,5,34,29,39,34,25,29,58,58,73,0,6,25,9,0,0,-1,0,0,0,0,43,43,332,343,359,355,326,322,310,335,412,432,530,552,691,675,791,764,675,715,1223,1106,1473,1470,6423,5965,29987,29988,29984,2791,29988,29989,29989,29990,29990,29989]} 1. e4 e5 2. Nf3 Nc6 3. Bc4 Bc5 4. c3 Nf6 5. d3 O-O 6. O-O d5 7. exd5 Nxd5 8. Nbd2 {C54: Giuoco Piano: 4 c3 Nf6, main lines with 5 d4 and 5 d3} (8. Re1 Bg4 9. Nbd2 Nb6 10. h3 Bh5 11. Bb3 Qxd3 12. Nxe5 Qf5 13. Nef3 Rad8 14. Qe2 Nd5 15. Ne4 Bxf3 16. Qxf3 Qxf3 17. gxf3 {½-½ (31) Vachier Lagrave,M (2774)-Aronian,L (2758) Khanty-Mansiysk 2019}) 8... Nb6 9. Bb5 Bg4 10. h3 {White is slightly better.} Bf5 $146 ({Predecessor:} 10... Bh5 11. Re1 Bd6 12. Ne4 f5 13. Ng3 Bxf3 14. Qxf3 Qd7 15. Bd2 a6 16. Bxc6 bxc6 17. Re2 Rae8 18. Rae1 Na4 19. b4 Nb2 {½-½ (57) Bocharov,D (2609)-Geller,J (2544) Sochi 2012}) 11. Ne4 Bxe4 12. dxe4 Qe7 13. Qe2 Nd8 14. g3 c6 15. Bd3 f6 16. Nh4 g6 17. Bc2 Nf7 {[#]} ({Better is} 17... a5 $14) 18. Bb3 (18. b4 $1 $16 {[%cal Rb4c5]} Bd6 19. Bb3) 18... Kh8 19. Qg4 a5 20. a4 Qd7 21. Be6 Qe7 22. Kh2 Ng5 23. Bb3 Qd7 24. Kg2 Qxg4 25. hxg4 Nf7 26. Nf3 Kg7 27. Rh1 g5 28. Nd2 Nd6 29. Kf3 Rfd8 30. Ke2 Nd7 31. Bc2 Nf8 32. Nf1 Nc8 33. Ne3 {Black must now prevent Nf5+.} Ne7 34. Nc4 Ne6 35. Rh5 Rd7 36. Bb3 {aiming for Nxe5!} Nf8 37. Bxg5 fxg5 38. Nxe5 h6 {[#]} 39. Nxd7 (39. f4 $1 $16 {[%cal Rf4g5]} Neg6 40. Nxd7 Nxd7 41. fxg5) 39... Nxd7 $11 40. Rah1 Rh8 41. f3 Nf6 42. R5h3 Ng6 43. Be6 Re8 44. Bf5 Ng8 $1 45. Rb1 Bd6 46. Rd1 Be5 47. Rd7+ Re7 48. Rd8 (48. Rxe7+ $16 N8xe7 49. Kf2) 48... Nf6 49. Ra8 Bc7 50. Bxg6 Kxg6 51. Kd3 Nd7 52. Rg8+ Rg7 53. Re8 $36 {[%mdl 2048] Black is under pressure.} Ne5+ 54. Ke2 Rf7 $2 {[%mdl 8192]} (54... Kh7 $1 $14) 55. Re6+ $18 Rf6 {[#]} 56. Rxh6+ $1 {[%mdl 576] Deflection} Kxh6 57. Rxf6+ Kg7 58. Rf5 Kg6 59. f4 gxf4 60. gxf4 Nf7 61. e5 Nh6 62. Rg5+ Kf7 63. Kf3 Ng8 64. Ke4 Ne7 65. f5 Bb8 66. Rh5 Kg8 67. g5 Bc7 68. e6 {White wants to mate with f6.} Bd6 69. f6 {White mates.} Nd5 70. Kf5 Bc5 71. c4 {Accuracy: White = 62%, Black = 33%.} 1-0